Plantas del páramo y sus usos para el buen vivir (Registro nro. 17776)

Detalles MARC
000 -CABECERA
Campo de control 01161nam a22003017a 4500
005 - FECHA Y HORA DE LA ULTIMA TRANSACCION
Campo de control 20180803170155.0
008 - ELEMENTOS DE LONGITUD FIJA—INFORMACION GENERAL
Campo de control 150917b2015 ck |||||r|||| 00| 0 spa d
020 ## - ISBN
ISBN 9789588889184
040 ## - FUENTE DE CATALOGACIÓN
Agencia catalogadora original CO-BoIAVH
Agencia transcriptora CO-BoIAVH
041 0# - IDIOMA
Código de idioma para texto/pista de sonido o título separado Español
044 ## - PAÍS DE PUBLICACIÓN
País de publicación Colombia
082 04 - NUMERO DE CLASIFICACION DECIMAL DEWEY
Número de clasificación 615.321
Número del ítem D81p
100 1# - ASIENTO PRINCIPAL--NOMBRE PERSONAL
Nombre personal Duarte Abadía, Bibiana
9 (RLIN) 38571
245 1# - MENCION DE TITULO
Título Plantas del páramo y sus usos para el buen vivir
Parte restante del título Páramos de Guerrero y Rabanal
260 ## - PUBLICACION, DISTRIBUCION, ETC. (PIE DE IMPRENTA)
Lugar de publicación, distribución, etc. Bogotá (Colombia):
Nombre del editor, distribuidor, etc. Instituto de Investigación de Recursos Biológicos Alexander von Humboldt,
Fecha de publicación, distribución, etc. 2015.
300 ## - DESCRIPCION FISICA
Extensión 60 páginas :
Otros detalles físicos mapas, ilustraciones y fotografías a color ;
Dimensiones 24 cm
500 ## - NOTA GENERAL
Nota general Incluye guía de uso.
650 #4 - ASIENTO SECUNDARIO DE MATERIA - TERMINO TEMATICO
Término temático o nombre geográfico como elemento de entrada Plantas útiles
Subdivisión de forma fichas técnicas
9 (RLIN) 38649
650 #6 - ASIENTO SECUNDARIO DE MATERIA - TERMINO TEMATICO
Término temático o nombre geográfico como elemento de entrada Plantas medicinales
9 (RLIN) 93263
650 #6 - ASIENTO SECUNDARIO DE MATERIA - TERMINO TEMATICO
Término temático o nombre geográfico como elemento de entrada Remedios tradicionales
Subdivisión general terapeútica
9 (RLIN) 38651
650 #6 - ASIENTO SECUNDARIO DE MATERIA - TERMINO TEMATICO
Término temático o nombre geográfico como elemento de entrada Conocimiento tradicional
9 (RLIN) 92244
651 #4 - ASIENTO SECUNDARIO DE MATERIA - NOMBRE GEOGRAFICO
Nombre geográfico Colombia
Subdivisión geográfica Páramo de Guerrero
9 (RLIN) 38653
651 #4 - ASIENTO SECUNDARIO DE MATERIA - NOMBRE GEOGRAFICO
Nombre geográfico Colombia
Subdivisión geográfica Páramo de Rabanal
9 (RLIN) 38654
700 1# - ASIENTO SECUNDARIO - NOMBRE PERSONAL
Nombre personal Parra-Ortega, Sandra Liliana
9 (RLIN) 38655
700 1# - ASIENTO SECUNDARIO - NOMBRE PERSONAL
Nombre personal Menjura Morales, Tatiana
Término de relación Editor
9 (RLIN) 38573
700 1# - ASIENTO SECUNDARIO - NOMBRE PERSONAL
Nombre personal Vásquez, Carlos
Término de relación Editor
9 (RLIN) 1793
942 ## - ELEMENTOS ADICIONALES (KOHA)
Sistema de clasificación Dewey Decimal Classification
Tipo de ítem Libro
Koha issues (borrowed), all copies 3
Existencias
Withdrawn status Lost status Sistema de Clasificación Damaged status No para préstamo Colección Inventariado Ubicación Permanente Ubicación actual Fecha de adquisición Fuente de Valor Valor Total Checkouts Número topográfico Inventario / Código de Barras Date last seen Date checked out Ejemplar Price effective from Forma de adquisición Tipo de material
    Dewey Decimal Classification     Humboldt Inventariado 2017 Bogotá Bogotá 17/09/2015 Instituto 39000.00 4 IAVH-615.321 D81p 039237 08/07/2019 08/07/2019 Ej. 1 17/09/2015 Institucional Libro
    Dewey Decimal Classification     Humboldt Inventariado 2017 Sala Fabio Quevedo Sala Fabio Quevedo 17/09/2015 Instituto 39000.00 1 IAVH-615.321 D81p 039238 11/07/2017 07/07/2017 Ej. 2 17/09/2015 Institucional Libro